[Event "Penang op-B 9th"]
[White "Koay, Yu Zhe"]
[Black "Hamzah, Razali"]
[Site "Penang"]
[Round "8"]
[Result "0-1"]
[Date "2017.12.08"]
[WhiteElo "1472"]
[BlackElo "1717"]
[PlyCount "42"]
[EventDate "2017.12.04"]
[EventType "swiss"]
[EventRounds "9"]
[EventCountry "MAS"]
[SourceTitle "CBM 182 Extra"]
[Source "ChessBase"]
[SourceDate "2018.02.23"]
[SourceVersion "1"]
[SourceVersionDate "2018.02.23"]
[SourceQuality "1"]

1. d4 Nf6 2. c4 e5 3. dxe5 Ng4 4. Nf3 Nc6 5. e3 Ngxe5 6. Be2 Bc5 7. a3 a5 8. 0-0 d6 9. b3 0-0 10. Bb2 Bf5 11. Nd4 Bxd4 12. exd4 Ng6 13. Nd2 Nf4 14. f3 Qg5 15. g3 Rfe8 16. Re1 Nh3+ 17. Kg2 Qe3 18. g4 Nf4+ 19. Kf1 Bxg4 20. fxg4 Qh3+ 21. Kg1 Qg2# 0-1

[Event "Penang op-B 9th"]
[White "Hamzah, Razali"]
[Black "Nik Ahmad Hisham, Nik Emin Hisha"]
[Site "Penang"]
[Round "1"]
[Result "1-0"]
[Date "2017.12.04"]
[WhiteElo "1717"]
[BlackElo "1055"]
[PlyCount "83"]
[EventDate "2017.12.04"]
[EventType "swiss"]
[EventRounds "9"]
[EventCountry "MAS"]
[SourceTitle "CBM 182 Extra"]
[Source "ChessBase"]
[SourceDate "2018.02.23"]
[SourceVersion "1"]
[SourceVersionDate "2018.02.23"]
[SourceQuality "1"]

1. e4 d5 2. Nc3 dxe4 3. Nxe4 Nc6 4. Nf3 Bf5 5. Ng3 Bg6 6. Bc4 Nf6 7. d4 e6 8. 0-0 Be7 9. Bb5 0-0 10. Bxc6 bxc6 11. Ne5 c5 12. Nc6 Qd6 13. Nxe7+ Qxe7 14. dxc5 Qxc5 15. Be3 Qxc2 16. Qxc2 Bxc2 17. Rfc1 Bd3 18. Rxc7 a6 19. Rc3 Bg6 20. Rc6 h6 21. Ne2 Nd5 22. Nf4 Nxf4 23. Bxf4 Rfd8 24. Rac1 Kh7 25. f3 Rd7 26. Kf2 Rb7 27. Be5 h5 28. Rd6 a5 29. Rcc6 Bb1 30. a3 a4 31. Rc5 g6 32. Rdc6 Raa7 33. Rc8 g5 34. Bc3 f5 35. Rh8+ Kg6 36. Rf8 Kh6 37. Rcc8 Rd7 38. Rh8+ Rh7 39. Rhf8 Raf7 40. Rg8 Bc2 41. Bd2 Bb3 42. Bxg5# 1-0

[Event "Shah Alam Challenger"]
[White "Hj Sapuan, Ngasiman"]
[Black "Hamzah, Razali"]
[Site "Shah Alam"]
[Round "4"]
[Result "0-1"]
[Date "2016.01.24"]
[WhiteElo "1532"]
[BlackElo "1733"]
[PlyCount "54"]
[EventDate "2016.01.23"]
[EventType "swiss"]
[EventRounds "9"]
[EventCountry "MAS"]
[SourceTitle "EXT 2017"]
[Source "ChessBase"]
[SourceDate "2016.10.25"]
[SourceVersion "1"]
[SourceVersionDate "2016.10.25"]
[SourceQuality "1"]

1. d4 c5 2. Nf3 Nf6 3. c4 e6 4. Nc3 d5 5. Bf4 a6 6. e3 Nc6 7. a3 Be7 8. h3 0-0 9. Bd3 dxc4 10. Bxc4 b5 11. Bd3 Bb7 12. 0-0 cxd4 13. Nxd4 Qb6 14. Nxc6 Qxc6 15. f3 Rfd8 16. Qc2 Rac8 17. Rac1 Qb6 18. Qb1 h6 19. Rfe1 Nh5 20. Be5 Bg5 21. Kf2 f5 22. Bxf5 exf5 23. Qxf5 Rf8 24. Qg4 Nf6 25. Qg3 Rxc3 26. Bxf6 Rxc1 27. Rxc1 Qxe3+ 0-1